Introduction to management accounting : a user perspective
| Other Authors: | Jones, Kumen H |
|---|---|
| Published: |
Upper Saddle River, N.J.:
Prentice Hall,
2000.
|
| Subjects: |
| LEADER | 00562cam a2200169 7i4500 | ||
|---|---|---|---|
| 001 | 0000042809 | ||
| 005 | 20120614090000.0 | ||
| 020 | |a 0130125539 (hbk.) | ||
| 020 | |a 9780130125538 | ||
| 090 | 0 | 0 | |a HF5657.4 |b .I238 2000 |
| 245 | 0 | 0 | |a Introduction to management accounting : |b a user perspective |c Kumen H. Jones ... [et al.]. |
| 260 | |a Upper Saddle River, N.J.: |b Prentice Hall, |c 2000. | ||
| 300 | |a xvi, 416 p.: |b ill.; |c 29 cm. | ||
| 500 | |a Gift | ||
| 650 | 0 | 0 | |a Managerial accounting |
| 700 | 1 | |a Jones, Kumen H | |
| 999 | |a 0000053732 |b BOK |c OPEN SHELF |e 1st Floor, Shah Alam | ||


